000 00573nam a22002297a 4500
003 UA-OsUOA
001 38994
007 ta
008 20080303b un ||||| |||| 00| 0 ukr d
090 _a82-6
_bЖ74
942 _cBK
040 _aUA-OsUOA
_bukr
_cUA-OsUOA
_dUA-OsUOA
245 _aЖиття - не просто існування. Листування Олекси Горбача (1946 - 1996)
300 _a59 с.
955 _a4
041 _aukr
080 _a82-6
260 _aЛьвів
_c2004
246 3 1 _aДодаток
650 7 _2UDC
999 _c437504
_d437504